| 000 | 01302nam a2200325 a 4500 | ||
|---|---|---|---|
| 001 | BRCA_2168 | ||
| 005 | 20190320203710.0 | ||
| 008 | 861031s1985 mx-c---##b---f000-0#spa-# | ||
| 020 | _a9688370517 | ||
| 040 |
_aDLC _cDLC _dDLC |
||
| 041 | _aspalat | ||
| 050 | 4 |
_aNA4828 _b.B67 1985 |
|
| 100 | 1 |
_aBorromeo, Carlos _d1538-1584 _96540 |
|
| 245 | 1 | 0 |
_aInstrucciones de la fábrica y del ajuar eclesiásticos = Instructiones Fabricae et Supellectilis Ecclesiasticae _cCarlos Borromeo ; introducción, traducción y notas de Bulmaro Reyes Coria ; nota preliminar de Elena Isabel Estrada de Gerlero. |
| 260 |
_aMéxico _bUNAM _c1985 |
||
| 300 |
_a1 v. (en varias paginaciones) _bil. _c24 cm. |
||
| 440 | 0 |
_aEstudios y fuentes del arte en México _v49 _96541 |
|
| 500 | _aEnumeración opuesta del duplicado | ||
| 504 | _aBibliografía : p. xlviii-xciv | ||
| 546 | _aTexto en : latín y español | ||
| 610 | 2 | 4 |
_aIglesia católica _96542 |
| 650 | 1 | 4 |
_aArquitectura religiosa _94011 |
| 650 | 1 | 4 |
_aLiturgia y arquitectura _96543 |
| 650 | 1 | 4 |
_aContrarreforma en el arte _93993 |
| 650 | 1 | 4 |
_aArquitectura y religión _96544 |
| 700 | 1 |
_aReyes Coria, Bulmaro _96545 |
|
| 700 | 1 |
_aEstrada de Gerlero, Elena Isabel _96546 |
|
| 740 | 0 | _aInstructiones Fabricae et Supellectilis Ecclesiasticae | |
| 942 |
_2lcc _cB |
||
| 999 |
_c1924 _d1924 |
||